| 000 | 00927nam a22001937a 4500 | ||
|---|---|---|---|
| 999 |
_c18151 _d18151 |
||
| 003 | AR-CdUCM | ||
| 008 | 190513b ||||| |||| 00| 0 spa d | ||
| 040 |
_aMUNICIPALIDAD PROVINCIAL DEL CUSCO _cBIBLIOTECA MUNICIPAL DEL CUSCO |
||
| 082 |
_a170 / _bC87 |
||
| 100 |
_aCraemer Ruegenberg, Ingrid _938568 |
||
| 245 |
_aLenguaje moral y moralidad : _bLas tesis de la ética analitica, Discusión critica contramodelo / |
||
| 260 |
_aBuenos Aires : _bAlfa, _c1976. |
||
| 300 |
_a160 paginas ; _c20 cm. |
||
| 505 | _aContenido: Introducción y problematica -- Problema de la fundamentación acerca de la cuestión de la demostración de la validez de las oraciones morales -- Una solución al problema de la fundamentación desde un teoria de la validez -- Intento de una teoria reducida la concienca de la acción... | ||
| 650 |
_aTeoria _95077 |
||
| 650 |
_aConciencia _911784 |
||
| 942 |
_2ddc _cLIBROS |
||
| 945 |
_apjha _d2019-05-13 |
||